[Event "CZE Extraliga 2021-22"]
[Site "Czech Republic"]
[Date "2021.10.17"]
[Round "2.5"]
[White "Burdalev, Kirill"]
[Black "Mrazek, Lumir"]
[Result "1-0"]
[WhiteElo "2374"]
[BlackElo "2303"]
[Annotator "NA"]
[PlyCount "73"]
[EventDate "2021.10.17"]
[EventCountry "CZE"]
[SourceTitle "playchess.com"]
[Source "ChessBase"]
[SourceQuality "1"]
[TimeControl "40/5400+30:1800+30"]

1. d4 {[%emt 0:00:04]} Nf6 {[%emt 0:00:15]} 2. Nf3 {[%emt 0:00:25]} g6 {[%emt 0:01:03]} 3. g3 {[%emt 0:00:41]} Bg7 {[%emt 0:00:25]} 4. Bg2 {[%emt 0:00:46]} O-O {[%emt 0:00:31]} 5. O-O {[%emt 0:00:21]} d6 {[%emt 0:02:40]} 6. c4 {[%emt 0:03:47]} c6 {[%emt 0:04:55]} 7. Nc3 {[%emt 0:01:02]} Qc7 {[%emt 0:00:51]} 8. e4 {[%emt 0:09:18]} e5 {[%emt 0:04:52]} 9. h3 {[%emt 0:02:33]} Re8 {[%emt 0:16:51]} 10. Be3 {[%emt 0:01:50]} Nbd7 {[%emt 0:05:49]} 11. Re1 {[%emt 0:10:41]} h6 {[%emt 0:02:13]} 12. Qd2 {[%emt 0:03:14]} Kh7 {[%emt 0:09:12]} 13. Rad1 {[%emt 0:01:07]} Nf8 {[%emt 0:00:44]} 14. b4 {[%emt 0:10:47]} Bd7 {[%emt 0:10:30]} 15. Kh2 {[%emt 0:15:52]} g5 {[%emt 0:02:25]} 16. c5 {[%emt 0:03:28]} exd4 {[%emt 0:11:49]} 17. Bxd4 {[%emt 0:05:46]} dxc5 {[%emt 0:01:20]} 18. Bxc5 {[%emt 0:01:22]} Be6 {[%emt 0:06:37]} 19. Bd6 {[%emt 0:01:16]} Qb6 {[%emt 0:00:21]} 20. Nd4 {[%emt 0:03:58]} Ng6 {[%emt 0:02:08]} 21. e5 {[%emt 0:01:55]} Nd7 {[%emt 0:04:08]} 22. f4 {[%emt 0:04:51]} gxf4 {[%emt 0:00:28]} 23. gxf4 {[%emt 0:00:04]} Nh4 {[%emt 0:01:04]} 24. Be4+ {[%emt 0:00:46]} Kh8 {[%emt 0:01:10]} 25. Rg1 {[%emt 0:01:00]} f5 {[%emt 0:03:00]} 26. Bh1 {[%emt 0:01:13]} Nf8 {[%emt 0:01:58]} 27. Na4 {[%emt 0:02:46]} Qd8 {[%emt 0:01:46]} 28. Rxg7 {[%emt 0:00:55]} Kxg7 {[%emt 0:00:05]} 29. Bxf8+ {[%emt 0:00:14]} Kh7 {[%emt 0:00:04]} 30. Nxe6 {[%emt 0:01:17]} Qxd2+ {[%emt 0:00:08]} 31. Rxd2 {[%emt 0:00:02]} Rxe6 {[%emt 0:00:15]} 32. Nc5 {[%emt 0:02:05]} Ree8 {[%emt 0:01:14]} 33. Rd7+ {[%emt 0:00:40]} Kg6 {[%emt 0:00:47]} 34. Rd6+ {[%emt 0:00:55]} Kf7 {[%emt 0:00:04]} 35. Bxh6 {[%emt 0:00:43]} a5 {[%emt 0:01:37]} 36. b5 {[%emt 0:01:07]} Rad8 {[%emt 0:01:51]} 37. Nxb7 {[%emt 0:01:55]} 1-0

[Event "CZE Extraliga 2021-22"]
[Site "Czech Republic"]
[Date "2021.10.17"]
[Round "2.6"]
[White "Babula, Vlastimil"]
[Black "Vrana, Jan"]
[Result "1-0"]
[WhiteElo "2562"]
[BlackElo "2409"]
[Annotator "TA"]
[PlyCount "101"]
[EventDate "2021.10.17"]
[EventCountry "CZE"]
[SourceTitle "playchess.com"]
[Source "ChessBase"]
[SourceQuality "1"]

{[%evp 21,101,8,33,31,24,32,24,31,31,31,31,33,31,31,32,31,34,31,31,31,31,31,33,33,35,31,31,35,35,16,24,0,39,32,43,22,35,34,35,35,35,22,39,39,39,39,39,40,42,42,42,41,60,47,52,53,107,105,118,117,97,74,108,67,140,138,140,71,136,127,137,122,169,169,169,148,164,172,187,163,189,183]} 1. d4 d5 2. Nf3 Nf6 3. c4 dxc4 4. e3 e6 5. Bxc4 c5 6. O-O a6 7. Bd3 cxd4 8. exd4 Nc6 9. Nc3 Be7 10. Bg5 O-O 11. Rc1 Nb4 12. Bb1 {D27: Queen's Gambit Accepted: Classical main line: 7 e4!? and 7 a4.} b5 13. a3 Nbd5 14. Nxd5 {White has an edge.} Nxd5 {[#]} 15. Qd3 $1 {[%csl Gb1][%cal Rd3h7]} g6 16. Bh6 Re8 $1 17. Ne5 Bb7 18. Qf3 Bf6 19. Be4 Qe7 20. Bxd5 Bxd5 21. Qf4 {[#] And now Rc7! would win.} Rac8 $146 ({Predecessor:} 21... Bh8 22. Ng4 f6 23. Rc7 e5 24. Qc1 Qe6 25. h3 exd4 26. Bf8 Rec8 27. Qc5 {1-0 (27) Giri,A (2624)-Laznicka,V (2659) France 2010}) 22. Ng4 Bh4 (22... Bh8 $2 23. Bg5 $18) 23. g3 f5 24. gxh4 {Threatens to win with Bg5.} fxg4 25. Qxg4 Qf6 26. Rfe1 Qf5 27. h3 Kf7 28. Qg3 Qf3 {[%csl Gd5][%cal Rf3h1]} 29. Kh2 Rc4 30. Rxc4 bxc4 31. Bd2 (31. Qxf3+ {keeps more tension.} Bxf3 32. Kg3 Bc6 33. Rc1 Bd5 34. Bf4) 31... Re7 32. Qxf3+ Bxf3 $14 {[%mdl 4096] Endgame KRB-KRB} 33. Kg3 Bd5 34. h5 gxh5 35. Re5 Rb7 36. Bc3 Kg6 37. f4 Rf7 38. Rg5+ Kh6 {[#]} (38... Kf6 $14) 39. Bb4 $1 $16 Be4 40. Bd6 Bg6 41. Ra5 Bd3 42. Kh4 (42. Rxa6 c3 $17) 42... Kg6 ({Black should play} 42... Rd7 $14 43. Be5 (43. Rxh5+ Kg7 $14) (43. Rxa6 c3 $11) 43... Kg6) 43. Rg5+ ({Inferior is} 43. Rxa6 c3 $19) (43. Rxh5 $6 Rd7 $14) 43... Kf6 44. Be5+ ({But not} 44. Rxh5 $6 Rd7 $14) 44... Ke7 45. Rg8 ({Don't do} 45. Rxh5 $6 Kd7 $14) 45... Be4 46. Rb8 Bd5 47. Kxh5 {White is clearly better.} Kd7 48. Kh6 Kc6 49. h4 a5 50. a4 Ra7 51. Rb5 {Weighted Error Value: White=0.03/Black=0.09} 1-0

[Event "CZE Extraliga 2021-22"]
[Site "Czech Republic"]
[Date "2021.10.17"]
[Round "2.6"]
[White "Bures, Jaroslav"]
[Black "Hrabusa, Matej"]
[Result "1-0"]
[WhiteElo "2394"]
[BlackElo "2363"]
[Annotator "NA"]
[PlyCount "131"]
[EventDate "2021.10.17"]
[EventCountry "CZE"]
[SourceTitle "playchess.com"]
[Source "ChessBase"]
[SourceQuality "1"]
[TimeControl "40/5400+30:1800+30"]

1. c4 {[%emt 0:00:06]} f5 {[%emt 0:00:09]} 2. g3 Nf6 {[%emt 0:01:33]} 3. Bg2 {[%emt 0:01:55]} g6 {[%emt 0:00:00]} 4. b3 {[%emt 0:01:56]} Bg7 {[%emt 0:00:13]} 5. Bb2 {[%emt 0:00:01]} d6 {[%emt 0:01:05]} 6. d4 {[%emt 0:04:01]} O-O {[%emt 0:01:59]} 7. Nf3 {[%emt 0:04:17]} Ne4 {[%emt 0:07:34]} 8. Nbd2 c5 {[%emt 0:05:35]} 9. O-O {[%emt 0:18:11]} Nc6 {[%emt 0:05:31]} 10. e3 {[%emt 0:01:55]} Qa5 {[%emt 0:16:09]} 11. Nxe4 {[%emt 0:12:43]} fxe4 {[%emt 0:00:05]} 12. Ne1 {[%emt 0:00:03]} cxd4 {[%emt 0:14:19]} 13. exd4 {[%emt 0:00:04]} Qb6 {[%emt 0:06:21]} 14. Nc2 {[%emt 0:00:02]} Bf5 {[%emt 0:02:06]} 15. g4 {[%emt 0:12:48]} Be6 {[%emt 0:02:38]} 16. Bxe4 {[%emt 0:08:29]} Rf4 {[%emt 0:02:19]} 17. Qd3 {[%emt 0:06:49]} Bxg4 {[%emt 0:03:43]} 18. Rae1 {[%emt 0:01:52]} Raf8 {[%emt 0:03:03]} 19. Bc1 {[%emt 0:04:40]} Rxe4 {[%emt 0:06:30]} 20. Qxe4 {[%emt 0:06:14]} Bh3 {[%emt 0:03:57]} 21. d5 {[%emt 0:01:51]} Ne5 {[%emt 0:02:13]} 22. Be3 {[%emt 0:02:55]} Qa5 {[%emt 0:06:08]} 23. f4 {[%emt 0:00:01]} Bxf1 {[%emt 0:03:58]} 24. Rxf1 {[%emt 0:00:01]} Qxa2 {[%emt 0:01:43]} 25. fxe5 {[%emt 0:00:43]} Rxf1+ {[%emt 0:00:07]} 26. Kxf1 {[%emt 0:00:00]} Bxe5 {[%emt 0:00:28]} 27. b4 {[%emt 0:04:51]} a5 {[%emt 0:00:52]} 28. bxa5 {[%emt 0:01:28]} Qxa5 {[%emt 0:00:04]} 29. h4 {[%emt 0:02:36]} Qa4 {[%emt 0:00:47]} 30. Qd3 {[%emt 0:00:22]} Qd7 {[%emt 0:00:21]} 31. Bf2 {[%emt 0:00:29]} Qg4 {[%emt 0:00:35]} 32. Nd4 {[%emt 0:00:41]} Bf6 {[%emt 0:00:35]} 33. Nf3 {[%emt 0:00:44]} Kg7 {[%emt 0:01:03]} 34. Ke2 {[%emt 0:00:46]} Qc8 {[%emt 0:00:54]} 35. Qe4 {[%emt 0:00:35]} Qa8 {[%emt 0:00:38]} 36. Nd4 {[%emt 0:02:20]} Qa2+ {[%emt 0:00:41]} 37. Qc2 {[%emt 0:00:01]} Qa1 {[%emt 0:00:24]} 38. Ne6+ {[%emt 0:00:02]} Kg8 {[%emt 0:00:38]} 39. Qb3 {[%emt 0:00:01]} Qe5+ {[%emt 0:00:38]} 40. Qe3 {[%emt 0:00:35]} Qh5+ {[%emt 0:01:51]} 41. Qf3 {[%emt 0:31:06]} Qe5+ {[%emt 0:30:24]} 42. Kf1 {[%emt 0:00:44]} Qa1+ {[%emt 0:00:00]} 43. Kg2 {[%emt 0:00:00]} Qa2 {[%emt 0:00:00]} 44. Qe4 {[%emt 0:00:00]} Qb3 {[%emt 0:00:00]} 45. Ng5 {[%emt 0:00:00]} Kh8 {[%emt 0:00:00]} 46. Bd4 {[%emt 0:00:00]} Qa2+ {[%emt 0:00:00]} 47. Kg3 {[%emt 0:00:00]} Qa3+ {[%emt 0:00:00]} 48. Qe3 {[%emt 0:00:00]} Qxe3+ {[%emt 0:00:00]} 49. Bxe3 {[%emt 0:00:00]} Kg8 {[%emt 0:00:00]} 50. Ne6 {[%emt 0:00:00]} Be5+ {[%emt 0:00:00]} 51. Kf3 {[%emt 0:00:00]} Bf6 {[%emt 0:00:00]} 52. Bg5 {[%emt 0:00:00]} Bxg5 {[%emt 0:00:00]} 53. hxg5 {[%emt 0:00:00]} b6 {[%emt 0:00:00]} 54. Nc7 {[%emt 0:00:00]} Kg7 {[%emt 0:00:00]} 55. Na8 {[%emt 0:00:00]} h6 {[%emt 0:00:00]} 56. Kf4 {[%emt 0:00:00]} h5 {[%emt 0:00:00]} 57. Nxb6 {[%emt 0:00:00]} Kf7 {[%emt 0:00:00]} 58. Na4 {[%emt 0:00:00]} Ke8 {[%emt 0:00:00]} 59. Nc3 {[%emt 0:00:00]} Kd7 {[%emt 0:00:00]} 60. Nb5 {[%emt 0:00:00]} Kc8 {[%emt 0:01:11]} 61. Nd4 {[%emt 0:00:00]} Kd7 {[%emt 0:00:10]} 62. Ne6 {[%emt 0:00:00]} Ke8 {[%emt 0:00:02]} 63. Kg3 {[%emt 0:00:00]} Kf7 {[%emt 0:00:09]} 64. Kh4 {[%emt 0:00:00]} Kg8 {[%emt 0:00:16]} 65. Nf4 {[%emt 0:00:00]} Kg7 {[%emt 0:00:58]} 66. Nxh5+ {[%emt 0:00:00]} 1-0

[Event "CZE Extraliga 2021-22"]
[Site "Czech Republic"]
[Date "2021.10.17"]
[Round "2.6"]
[White "Frank, Adam"]
[Black "Sorm, Daniel"]
[Result "1/2-1/2"]
[WhiteElo "2366"]
[BlackElo "2347"]
[Annotator "NA"]
[PlyCount "71"]
[EventDate "2021.10.17"]
[EventCountry "CZE"]
[SourceTitle "playchess.com"]
[Source "ChessBase"]
[SourceQuality "1"]
[TimeControl "40/5400+30:1800+30"]

1. e4 {[%emt 0:00:03]} c6 {[%emt 0:03:45]} 2. d4 {[%emt 0:00:02]} d5 {[%emt 0:00:22]} 3. Nd2 {[%emt 0:00:03]} dxe4 {[%emt 0:00:08]} 4. Nxe4 {[%emt 0:00:04]} Nf6 {[%emt 0:00:08]} 5. Nxf6+ {[%emt 0:00:04]} exf6 {[%emt 0:00:07]} 6. c3 {[%emt 0:00:03]} Bd6 {[%emt 0:00:19]} 7. Bd3 {[%emt 0:00:04]} O-O {[%emt 0:00:14]} 8. Qc2 {[%emt 0:00:06]} Kh8 {[%emt 0:00:20]} 9. Ne2 {[%emt 0:01:04]} Qc7 {[%emt 0:03:39]} 10. Be3 {[%emt 0:04:45]} Nd7 {[%emt 0:00:50]} 11. h4 {[%emt 0:02:01]} h5 {[%emt 0:02:08]} 12. O-O-O {[%emt 0:23:59]} b5 {[%emt 0:02:59]} 13. g4 {[%emt 0:02:28]} hxg4 {[%emt 0:02:33]} 14. Rdg1 {[%emt 0:02:05]} Nb6 {[%emt 0:04:36]} 15. Bf5 {[%emt 0:00:21]} Nd5 {[%emt 0:14:48]} 16. Rxg4 {[%emt 0:01:44]} Nxe3 {[%emt 0:10:07]} 17. fxe3 {[%emt 0:00:06]} Qe7 {[%emt 0:00:42]} 18. Rh3 {[%emt 0:23:53]} g6 {[%emt 0:01:00]} 19. Bxc8 {[%emt 0:00:04]} Raxc8 {[%emt 0:00:29]} 20. Nf4 {[%emt 0:01:10]} Bxf4 {[%emt 0:24:50]} 21. Rxf4 {[%emt 0:00:11]} c5 {[%emt 0:00:50]} 22. d5 {[%emt 0:06:37]} Rcd8 {[%emt 0:06:27]} 23. e4 {[%emt 0:09:03]} Kg7 {[%emt 0:06:13]} 24. Rhf3 {[%emt 0:02:16]} Rd6 {[%emt 0:02:02]} 25. Qf2 {[%emt 0:02:50]} Rb6 {[%emt 0:00:28]} 26. h5 {[%emt 0:04:42]} Rh8 {[%emt 0:00:17]} 27. hxg6 {[%emt 0:00:06]} fxg6 {[%emt 0:03:10]} 28. Rh4 {[%emt 0:00:34]} Rbb8 {[%emt 0:01:12]} 29. Rfh3 {[%emt 0:00:45]} Qe5 {[%emt 0:02:30]} 30. Rxh8 {[%emt 0:09:55]} Rxh8 {[%emt 0:00:09]} 31. Rxh8 {[%emt 0:00:02]} Kxh8 {[%emt 0:00:16]} 32. Qxc5 {[%emt 0:00:05]} Qf4+ {[%emt 0:01:13]} 33. Kd1 {[%emt 0:00:05]} Qf1+ {[%emt 0:03:33]} 34. Kd2 {[%emt 0:02:46]} Qg2+ {[%emt 0:00:13]} 35. Kc1 {[%emt 0:01:05]} Qf1+ {[%emt 0:00:31]} 36. Kd2 {[%emt 0:01:26]} 1/2-1/2

[Event "CZE Extraliga 2021-22"]
[Site "Czech Republic"]
[Date "2021.10.17"]
[Round "2.6"]
[White "OST9 Walek Petr  2245"]
[Black "LYS13 Balacek Tadeas CM 2355"]
[Result "1/2-1/2"]
[WhiteElo "2245"]
[BlackElo "2355"]
[Annotator "NA"]
[PlyCount "57"]
[EventDate "2021.10.17"]
[EventCountry "CZE"]
[SourceTitle "playchess.com"]
[Source "ChessBase"]
[SourceQuality "1"]
[TimeControl "40/5400+30:1800+30"]

1. e4 {[%emt 0:00:02]} e6 {[%emt 0:00:10]} 2. d4 {[%emt 0:00:09]} d5 {[%emt 0:00:07]} 3. Nc3 {[%emt 0:00:07]} Nf6 {[%emt 0:00:59]} 4. e5 {[%emt 0:00:15]} Nfd7 {[%emt 0:00:10]} 5. f4 {[%emt 0:00:10]} c5 {[%emt 0:00:11]} 6. Nf3 {[%emt 0:00:06]} Nc6 {[%emt 0:01:12]} 7. Be3 {[%emt 0:00:10]} Qb6 {[%emt 0:06:34]} 8. Na4 {[%emt 0:01:28]} Qa5+ {[%emt 0:00:30]} 9. c3 {[%emt 0:00:36]} b6 {[%emt 0:01:03]} 10. Bd2 {[%emt 0:21:39]} c4 {[%emt 0:00:57]} 11. b4 {[%emt 0:06:57]} Nxb4 {[%emt 0:00:13]} 12. cxb4 {[%emt 0:00:36]} Bxb4 {[%emt 0:00:03]} 13. Qc2 {[%emt 0:12:34]} Bxd2+ {[%emt 0:00:50]} 14. Nxd2 {[%emt 0:01:47]} b5 {[%emt 0:00:22]} 15. Nc3 {[%emt 0:03:36]} b4 {[%emt 0:00:44]} 16. Qa4 {[%emt 0:06:04]} Qxa4 {[%emt 0:15:16]} 17. Nxa4 {[%emt 0:00:04]} Bb7 {[%emt 0:00:17]} 18. Be2 {[%emt 0:12:45]} Bc6 {[%emt 0:07:02]} 19. Bd1 {[%emt 0:06:40]} Ke7 {[%emt 0:01:35]} 20. Bc2 {[%emt 0:03:38]} Rhc8 {[%emt 0:13:02]} 21. Ke2 {[%emt 0:00:58]} Rab8 {[%emt 0:07:34]} 22. Rhb1 {[%emt 0:07:01]} a5 {[%emt 0:04:47]} 23. Nf3 {[%emt 0:01:55]} f6 {[%emt 0:06:04]} 24. h4 {[%emt 0:01:25]} h6 {[%emt 0:06:36]} 25. Ke3 {[%emt 0:03:00]} Nb6 {[%emt 0:05:38]} 26. Nc5 {[%emt 0:08:03]} Nd7 {[%emt 0:00:26]} 27. Na4 {[%emt 0:00:07]} Nb6 {[%emt 0:00:05]} 28. Nc5 {[%emt 0:01:07]} Nd7 {[%emt 0:00:03]} 29. Na4 {[%emt 0:01:20]} 1/2-1/2

[Event "CZE Extraliga 2021-22"]
[Site "Czech Republic"]
[Date "2021.10.17"]
[Round "2.7"]
[White "Movsesian, Julia"]
[Black "Krejci, Jan"]
[Result "0-1"]
[WhiteElo "2326"]
[BlackElo "2553"]
[Annotator "TA"]
[PlyCount "116"]
[EventDate "2021.10.17"]
[EventCountry "CZE"]
[SourceTitle "playchess.com"]
[Source "ChessBase"]
[SourceQuality "1"]

{[%evp 23,116,12,12,0,22,-22,0,-26,0,0,0,0,0,0,0,0,0,-7,0,-24,-30,-30,-26,-34,-13,-16,-17,-15,-10,-12,-6,-10,0,0,0,-9,-4,-15,-8,-37,-35,-42,-35,-58,-51,-66,-66,-68,-68,-90,-75,-107,-133,-122,-164,-122,-133,-125,-68,-352,-316,-773,-766,-727,-485,-437,-709,-697,-676,-1214,-1250,-1145,-976,-1061,-1064,-1057,-978,-1380,-1231,-1116,-1081,-1325,-1289,-1715,-1625,-1825,-1793,-29972,-29972,-29987,-29988,-29988,-29989,-29992,-29993]} 1. e4 e5 2. Nf3 Nc6 3. Bc4 Nf6 4. d4 exd4 5. O-O Nxe4 6. Re1 d5 7. Bxd5 Qxd5 8. Nc3 Qa5 9. Nxe4 Be6 10. Neg5 O-O-O 11. Nxe6 fxe6 12. Rxe6 h6 13. Qe2 {C56: Two Knights: 4 d4 exd4 5 0-0 Nxe4.} Qd5 14. Bf4 Bc5 {[#]} 15. Qe4 $146 {The position is equal.} (15. Ne1 {with more complications.} d3 16. Qg4 Qd7 17. Nxd3 Bb6 18. h3) ({Predecessor:} 15. Ne1 g5 16. Bg3 h5 17. h3 d3 18. Qe4 h4 19. Qg4 Kb8 20. Bh2 Bxf2+ 21. Kxf2 {0-1 (40) Mueller,R (2208)-Dushatskiy,F (2148) Emmendingen 2012}) 15... Rhf8 {Hoping for ...Rxf4!} 16. Bg3 Qxe4 17. Rxe4 Nb4 18. Ne1 d3 19. cxd3 Nxd3 20. Nxd3 Rxd3 21. Rc4 Bb6 22. Rac1 c6 23. R4c2 $1 a5 24. Kf1 g5 25. Be5 Rd5 26. Re1 h5 27. g3 Rf5 28. Bc3 Kd7 29. Rce2 Rf7 30. Kg2 a4 31. Bb4 c5 32. Bc3 c4 33. a3 Bc5 34. Be5 g4 35. Bf4 Re7 36. Be5 Rd3 37. h3 b5 38. hxg4 hxg4 39. Bf6 Rxe2 40. Rxe2 $17 {[%mdl 4096] Endgame [#] KRB-KRB} Kc6 $1 41. Re4 $2 {[%mdl 8192] Now White is beyond hope.} (41. Re6+ $15 Kd7 42. Re2) 41... Rd2 $19 42. Rf4 (42. Kh1 Rxf2 43. Bg7) 42... Be3 43. Rf5 Bd4 44. Bxd4 Rxd4 {KR-KR} 45. Rg5 Rd2 46. Rxg4 Rxb2 47. Rg8 Kd7 48. Rg7+ Kd6 49. Kf3 Ra2 50. g4 c3 51. Ke3 Rxa3 52. Kd3 b4 {[%cal Bb5b4,Bb4b3][%mdl 32]} 53. Rb7 Rb3 54. g5 Rb1 55. g6 Rd1+ {Black mates.} 56. Kc2 Rd2+ {[%mdl 64] [#] Double Attack} 57. Kc1 b3 58. g7 Rxf2 {[%cal Rf2f1] Weighted Error Value: White=0.79/Black=0.06} 0-1

[Event "CZE Extraliga 2021-22"]
[Site "Czech Republic"]
[Date "2021.10.17"]
[Round "2.7"]
[White "UNI12 Vavra Pavel IM 2320"]
[Black "FMB7 Stepan Patrik  2248"]
[Result "1/2-1/2"]
[WhiteElo "2320"]
[BlackElo "2248"]
[Annotator "NA"]
[PlyCount "48"]
[EventDate "2021.10.17"]
[EventCountry "CZE"]
[SourceTitle "playchess.com"]
[Source "ChessBase"]
[SourceQuality "1"]
[TimeControl "40/5400+30:1800+30"]

1. d4 {[%emt 0:00:41]} Nf6 {[%emt 0:00:06]} 2. Bg5 {[%emt 0:00:06]} Ne4 {[%emt 0:00:40]} 3. Bf4 {[%emt 0:00:06]} e6 {[%emt 0:00:18]} 4. e3 {[%emt 0:02:03]} d5 {[%emt 0:00:45]} 5. Bd3 {[%emt 0:00:16]} Be7 {[%emt 0:02:15]} 6. Nd2 {[%emt 0:16:38]} f5 {[%emt 0:00:49]} 7. Nxe4 {[%emt 0:09:07]} dxe4 {[%emt 0:04:47]} 8. Bc4 {[%emt 0:00:29]} Bd6 {[%emt 0:07:21]} 9. Nh3 {[%emt 0:03:13]} O-O {[%emt 0:01:11]} 10. O-O {[%emt 0:01:52]} Nc6 {[%emt 0:03:04]} 11. a3 {[%emt 0:01:40]} Ne7 {[%emt 0:08:39]} 12. f3 {[%emt 0:01:04]} Bxf4 {[%emt 0:10:04]} 13. exf4 {[%emt 0:02:27]} Nd5 {[%emt 0:00:54]} 14. Qe2 {[%emt 0:00:44]} exf3 {[%emt 0:12:54]} 15. Rxf3 {[%emt 0:00:28]} Qf6 {[%emt 0:02:11]} 16. c3 {[%emt 0:00:24]} Bd7 {[%emt 0:00:31]} 17. Nf2 {[%emt 0:03:11]} Nb6 {[%emt 0:03:52]} 18. Bb3 {[%emt 0:01:04]} Rfe8 {[%emt 0:07:26]} 19. Re1 {[%emt 0:03:19]} Kf8 {[%emt 0:04:38]} 20. Nd3 {[%emt 0:09:13]} Bb5 {[%emt 0:17:33]} 21. Bxe6 {[%emt 0:06:25]} Nd5 {[%emt 0:00:13]} 22. Qe5 {[%emt 0:00:37]} Qxe6 {[%emt 0:02:44]} 23. Qxe6 {[%emt 0:00:46]} Rxe6 {[%emt 0:00:01]} 24. Rxe6 {[%emt 0:00:10]} Bxd3 {[%emt 0:00:07]} 1/2-1/2

[Event "CZE Extraliga 2021-22"]
[Site "Czech Republic"]
[Date "2021.10.17"]
[Round "2.7"]
[White "LYS14 Priehoda Vitezslav IM 22"]
[Black "OST10 Neumann Filip  2175"]
[Result "1-0"]
[WhiteElo "2268"]
[BlackElo "2175"]
[Annotator "NA"]
[PlyCount "93"]
[EventDate "2021.10.17"]
[EventCountry "CZE"]
[SourceTitle "playchess.com"]
[Source "ChessBase"]
[SourceQuality "1"]
[TimeControl "40/5400+30:1800+30"]

1. d4 {[%emt 0:00:03]} Nf6 {[%emt 0:00:06]} 2. Nf3 {[%emt 0:00:10]} g6 {[%emt 0:00:07]} 3. c4 {[%emt 0:00:06]} Bg7 {[%emt 0:00:10]} 4. Nc3 {[%emt 0:00:05]} O-O {[%emt 0:00:09]} 5. e4 {[%emt 0:00:04]} d6 {[%emt 0:00:07]} 6. Be2 {[%emt 0:00:20]} e5 {[%emt 0:00:07]} 7. d5 {[%emt 0:00:05]} a5 {[%emt 0:00:24]} 8. Be3 {[%emt 0:01:53]} Na6 {[%emt 0:00:47]} 9. Nd2 {[%emt 0:00:08]} Ne8 {[%emt 0:02:54]} 10. g4 {[%emt 0:09:29]} f5 {[%emt 0:04:45]} 11. gxf5 {[%emt 0:00:09]} gxf5 {[%emt 0:00:08]} 12. exf5 {[%emt 0:00:06]} Bxf5 {[%emt 0:00:55]} 13. Nde4 {[%emt 0:05:57]} Nf6 {[%emt 0:12:13]} 14. Nxf6+ {[%emt 0:19:40]} Qxf6 {[%emt 0:01:47]} 15. Qd2 {[%emt 0:00:20]} Nb4 {[%emt 0:09:30]} 16. O-O-O {[%emt 0:08:14]} Bg6 {[%emt 0:00:26]} 17. Rhg1 {[%emt 0:04:12]} Qf5 {[%emt 0:02:04]} 18. Rxg6 {[%emt 0:00:09]} Qxg6 {[%emt 0:00:34]} 19. a3 {[%emt 0:00:30]} e4 {[%emt 0:05:26]} 20. axb4 {[%emt 0:06:56]} axb4 {[%emt 0:00:06]} 21. Nb1 {[%emt 0:06:04]} Ra2 {[%emt 0:00:27]} 22. Qxb4 {[%emt 0:05:12]} Bxb2+ {[%emt 0:03:01]} 23. Qxb2 {[%emt 0:00:11]} Rxb2 {[%emt 0:00:06]} 24. Kxb2 {[%emt 0:00:07]} Qg2 {[%emt 0:01:35]} 25. Nc3 {[%emt 0:04:07]} Rxf2 {[%emt 0:00:18]} 26. Bxf2 {[%emt 0:00:30]} Qxf2 {[%emt 0:00:30]} 27. h3 {[%emt 0:00:30]} Qe3 {[%emt 0:00:30]} 28. h4 {[%emt 0:00:30]} Kf7 {[%emt 0:00:30]} 29. h5 {[%emt 0:00:30]} Kf6 {[%emt 0:00:30]} 30. Rh1 {[%emt 0:00:30]} Ke5 {[%emt 0:00:30]} 31. Rh4 {[%emt 0:00:30]} Qd2+ {[%emt 0:11:59]} 32. Kb3 {[%emt 0:08:21]} e3 {[%emt 0:02:22]} 33. Re4+ {[%emt 0:00:05]} Kf6 {[%emt 0:00:49]} 34. Re6+ {[%emt 0:01:55]} Kf5 {[%emt 0:01:18]} 35. Re7 {[%emt 0:00:29]} h6 {[%emt 0:01:24]} 36. Rxc7 {[%emt 0:04:32]} b6 {[%emt 0:00:23]} 37. Rf7+ {[%emt 0:01:40]} Ke5 {[%emt 0:00:11]} 38. Re7+ {[%emt 0:00:05]} Kf5 {[%emt 0:00:52]} 39. Re6 {[%emt 0:00:06]} Qc1 {[%emt 0:01:27]} 40. Rxd6 {[%emt 0:05:14]} b5 {[%emt 0:00:13]} 41. cxb5 {[%emt 0:30:29]} Ke5 {[%emt 0:30:07]} 42. Re6+ {[%emt 0:00:05]} Kd4 {[%emt 0:00:08]} 43. Re4+ {[%emt 0:00:05]} Kc5 {[%emt 0:00:12]} 44. Rc4+ {[%emt 0:00:01]} Kb6 {[%emt 0:00:13]} 45. Na4+ {[%emt 0:00:02]} Ka5 {[%emt 0:00:09]} 46. Nc3 {[%emt 0:00:16]} Qa1 {[%emt 0:01:57]} 47. d6 {[%emt 0:05:08]} 1-0